| 000 | 00551nam a2200169 i 4500 | ||
|---|---|---|---|
| 001 | bg | ||
| 245 | 0 | 0 |
_aZastosowanie spektrofotometrii w podczerwieni i widm Ramana do celów analitycznych : _bpraca zbiorowa / _c[Halina Barańska et al.]. |
| 260 |
_aWrocław : _bZakład Narodowy im. Ossolińskich, _c1977. |
||
| 650 | 9 |
_aAnaliza spektralna _xzagadnienia |
|
| 655 | _aMateriały konferencyjne | ||
| 700 | 1 | _aBARAŃSKA, Halina | |
| 040 | _cBPK | ||
| 041 | 0 | _apol | |
| 080 | _a543.4(061) | ||
| 942 | _cKS | ||
| 008 | s pl f |000 0 pol | ||
| 999 |
_c35562 _d35562 |
||
| 856 |
_uhttp://koha.tu.koszalin.pl/cgi-bin/koha/opac-detail.pl?biblionumber=35562 _yKatalog online BPK |
||